000
00315nam a22001337a 4500
020
_a
1-85534-159-X
082
_a
823
_b
HAM/N
100
_a
HAMILTON, JUDY
245
_a
THE NIGHT BEFORE CHRISTMAS
260
_a
UK
_b
TARANTULA BOOKS
520
_a
ENGLISH SHORT STORY
650
_a
ENGLISH SHORT STORY
_z
UK
942
_c
BK
999
_c
4889
_d
4889